000 00568nam a2200181Ia 4500
003 IN-BaIIA
008 211028s9999 xx 000 0 eng d
040 _cIIA Library
080 _a083.8:523.8
_bAPP-78
110 _aAstronomisches Rechen-Institut
_96078
245 0 _aApparent places of fundamental stars 1978
_cAstronomisches Rechen-Institut
260 _aHeidelberg
_bAstronomisches Rechen-Institut
_c1976
300 _a510p.
650 _aAstronomy and Astrophysics Thesaurus
650 _aCatalogue-Stars
_9966
650 _aStars Catalogue
_9967
942 _cBK
999 _c5648
_d5648